|
|
|
|
| LEADER |
00896nam a22002892i 4500 |
| 001 |
001477803 |
| 003 |
CZ BrMZK |
| 005 |
20151105100432.0 |
| 007 |
ta |
| 008 |
150702s1951 ru er|||||||||||rus d |
| 040 |
|
|
|a ABA009
|b cze
|d BOA001
|e rda
|
| 080 |
9 |
|
|a 636
|
| 100 |
1 |
|
|a Čubinskij-Nadeždin, Vasilij Vasil'jevič
|7 xx0092115
|4 aut
|
| 245 |
1 |
0 |
|a Chozjajstvennaja ocenka i chranenije kormov /
|c V.V. Čubinskij
|
| 264 |
|
1 |
|a Moskva :
|b Sel'chozgiz,
|c 1951
|
| 300 |
|
|
|a 270 stran
|
| 336 |
|
|
|a text
|b txt
|2 rdacontent
|
| 337 |
|
|
|a bez média
|b n
|2 rdamedia
|
| 338 |
|
|
|a svazek
|b nc
|2 rdacarrier
|
| 650 |
0 |
7 |
|a konzervace
|2 czenas
|
| 650 |
0 |
7 |
|a krmiva
|2 czenas
|
| 650 |
0 |
7 |
|a krmivářství
|2 czenas
|
| 650 |
0 |
7 |
|a skladování
|2 czenas
|
| 910 |
|
|
|a BOA001
|b 2-0289.822
|
| 990 |
|
|
|a BK
|
| 991 |
|
|
|b 201506
|
| 996 |
7 |
|
|b 2618856718
|c 2-0289.822
|l MZK
|r Sklad / do 24 hodin
|n 0
|w 001512931
|u 000010
|a 1
|e BOA001
|j MZK50
|s A
|